Religion Quiz

Random Religion or Letter Quiz
Score 0/15 Timer 05:00
0 Plays Today
Letter (# of Answers) Bible Books % Correct
E (12)1 Chronicles, 1 Peter, 1 Samuel, 2 Chronicles, 2 Peter, 2 Samuel, Daniel, Ecclesiastes, Esther, Ezekiel, Hosea, James, Joel, Judges, Matthew
93.3%
R (3)Ezra, Mark, Numbers
91.3%
U (6)Exodus, Habakkuk, Joshua, Leviticus, Nahum, Titus
91.1%
O (5)Amos, Job, Philemon, Song of Solomon, Revelation
88.6%
H (4)1 John, 1 Timothy, 2 John, 2 Timothy, 3 John, John, Malachi, Revelation to John
88.5%
T (2)Acts, Ruth
87.4%
I (1)Genesis
87.3%
M (2)Deuteronomy, Psalms
85.1%
Letter (# of Answers) Bible Books % Correct
K (1)Luke
83.1%
N (8)1 Corinthians, 1 Thessalonians, 2 Corinthians, 2 Thessalonians, Colossians, Ephesians, Galatians, Lamentations, Philippians, Romans
80.3%
A (9)Haggai, Isaiah, Jeremiah, Jonah, Micah, Nehemiah, Obadiah, Zechariah, Zephaniah
79.6%
G (2)1 Kings, 2 Kings, Song of Songs
63.5%
B (1)Proverbs
55.4%
D (1)Jude
55.4%
W (1)Hebrews
54.2%
Remove Ads.
Support Sporcle.
Get the best of Sporcle when you Go Orange. This ad-free experience offers more features, more stats, and more fun while also helping to support Sporcle. Thank you for becoming a member.

You're not logged in!

Compare scores with friends on all Sporcle quizzes.
OR
Log In

Show Comments

Extras

Top Quizzes Today


Score Distribution

Your Account Isn't Verified!

In order to create a playlist on Sporcle, you need to verify the email address you used during registration. Go to your Sporcle Settings to finish the process.

Report this User

Report this user for behavior that violates our Community Guidelines.

Details: